00863nac a22002897a 4500001001000000003000900010005001700019008003400036040005400070072000800124100001800132100001600150100002300166100001800189100001700207100001500224100001700239110005400256245007900310260003900389300000900428490008500437650001200522650001000534650001500544650001400559BR0803195BR-BrBNA20240105123548.0230509b bl.|||m| |||| 00| 0 por d aBR-BrBNAbporcBiblioteca Nacional de Agricultura aJ131 aCosta, O.A.D.1 aLudke, J.V.1 aCosta, M.J.R.P. da1 aFaucitano, L.1 aPeloso, J.V.1 aRoza, D.D.1 aTrique, N.J.1 aEMBRAPA Suínos e Aves, Concórdia, SC (Brasil)1 aModelo de carroceria e seu impacto sobre a qualidade da carne dos suínos3 aConcórdia, SC (Brasil): c2006.  a3 p. aComunicado Técnico - EMBRAPA Suínos e Aves (Brazil)vno. 422xISSN 0100-8862 aSUÍNO aCARNE aTRANSPORTE aQUALIDADE